000
00315nam a2200133Ia 4500
008
240624s9999 xx 000 0 und d
041
_a
eng
082
_a
920 SHA
100
_a
HARTOG RUDOLF
245
_a
BETWEEN TWO STOOLS
260
_c
2007
_a
New Delhi
_b
Rupa and Company
300
_a
200 : p.
365
_c
RS
_b
25
999
_c
17564
_d
17564